Transportation planning on trial : (Record no. 5640)

MARC details
000 -LEADER
fixed length control field 01357nac a22003011u 4500
010 ## - LIBRARY OF CONGRESS CONTROL NUMBER
LC control number 95050228
020 ## - INTERNATIONAL STANDARD BOOK NUMBER
International Standard Book Number 0803973527 (cloth : acid-free paper)
020 ## - INTERNATIONAL STANDARD BOOK NUMBER
International Standard Book Number 0803973535 (pbk. : acid-free paper)
082 00 - DEWEY DECIMAL CLASSIFICATION NUMBER
Classification number 388.041
Item number GAR
090 ## - LOCALLY ASSIGNED LC-TYPE CALL NUMBER (OCLC); LOCAL CALL NUMBER (OCLC)
-- 5640
-- 5640
100 ## - MAIN ENTRY--PERSONAL NAME
Personal name Garrett, Mark.
245 10 - TITLE STATEMENT
Title Transportation planning on trial :
Remainder of title the Clean Air Act and travel forecasting /
Statement of responsibility, etc Mark Garrett, Martin Wachs.
260 ## - PUBLICATION, DISTRIBUTION, ETC. (IMPRINT)
Place of publication, distribution, etc Thousand Oaks, Calif. :
Name of publisher, distributor, etc Sage Publications,c1996.
Date of publication, distribution, etc c1996.
300 ## - PHYSICAL DESCRIPTION
Extent vii, 232 p. :
Other physical details ill. ;
Dimensions 24 cm.
500 ## - GENERAL NOTE
General note Distributer : Al-Ahram.
504 ## - BIBLIOGRAPHY, ETC. NOTE
Bibliography, etc Includes bibliographical references.
511 ## - PARTICIPANT OR PERFORMER NOTE
Participant or performer note Catalogued By : Mahitab.
650 #0 - SUBJECT ADDED ENTRY--TOPICAL TERM
Topical term or geographic name as entry element Transportation and state
Geographic subdivision United States.
650 #0 - SUBJECT ADDED ENTRY--TOPICAL TERM
Topical term or geographic name as entry element Transportation
Geographic subdivision United States
General subdivision Planning.
650 #0 - SUBJECT ADDED ENTRY--TOPICAL TERM
Topical term or geographic name as entry element Transportation, Automotive
General subdivision Law and legislation
Geographic subdivision United States.
650 #0 - SUBJECT ADDED ENTRY--TOPICAL TERM
Topical term or geographic name as entry element Air
General subdivision Pollution
-- Law and legislation
Geographic subdivision United States.
650 #0 - SUBJECT ADDED ENTRY--TOPICAL TERM
Topical term or geographic name as entry element Transportation, Automotive
General subdivision Environmental aspects
Geographic subdivision United States
650 #0 - SUBJECT ADDED ENTRY--TOPICAL TERM
Topical term or geographic name as entry element Traffic estimation
Geographic subdivision United States.
700 1# - ADDED ENTRY--PERSONAL NAME
Personal name Wachs, Martin.
856 42 - ELECTRONIC LOCATION AND ACCESS
Materials specified Publisher description
Uniform Resource Identifier <a href="http://www.loc.gov/catdir/enhancements/fy0655/95050228-d.html">http://www.loc.gov/catdir/enhancements/fy0655/95050228-d.html</a>
856 42 - ELECTRONIC LOCATION AND ACCESS
Materials specified Table of contents only
Uniform Resource Identifier <a href="http://www.loc.gov/catdir/enhancements/fy0655/95050228-t.html">http://www.loc.gov/catdir/enhancements/fy0655/95050228-t.html</a>
942 ## - ADDED ENTRY ELEMENTS (KOHA)
Item type Book - Borrowing
Call number prefix 388.041GAR
Holdings
Withdrawn status Item status Damaged status Not for loan Home library Current library Shelving location Date acquired Source of acquisition Total Checkouts Full call number Barcode Date last seen Koha item type
        Central Library Central Library First floor 01/11/2007 Purchase   388.041GAR 000007036 15/07/2025 Book - Borrowing